Câu lạc bộ chính khách Tập 1

में बचाया:
ग्रंथसूची विवरण
मुख्य लेखक: Lê Tri Kỷ
स्वरूप: पुस्तक
भाषा:Vietnamese
प्रकाशित: H. Công an nhân dân 1986
विषय:
टैग : टैग जोड़ें
कोई टैग नहीं, इस रिकॉर्ड को टैग करने वाले पहले व्यक्ति बनें!
Thư viện lưu trữ: Mạng thư viện Đại học Đà Nẵng
LEADER 01153nam a2200361 4500
001 000005536
003 1681
005 20120416090429.0
008 110817s1986 viesd
020 |c 12000đ 
041 0 |a vie 
082 |a 895.922803  |b LE-K 
100 0 |a Lê Tri Kỷ 
245 1 0 |a Câu lạc bộ chính khách  |c Lê Tri Kỷ  |n Tập 1 
260 |a H.  |b Công an nhân dân  |c 1986 
300 |a 276 tr  |c 19 cm 
504 |a Tập 1 
653 |a Văn học hiện đại 
653 |a Việt Nam 
653 |a tiểu thuyết 
700 |a Lê Tri Kỷ 
773 |t Câu lạc bộ chính khách  |w 1678 
910 |a Nguyễn Thị Kim Oanh  |d 17/08/2011 
OWN |a LSP 
AVA |a UDN50  |b LSP  |d 895.922803 LE-K  |e unavailable  |t Error 5002 Not defined in file expand_doc_bib_avail.  |f 2  |g 2  |h N  |i 0  |k 1 
999 |a From the UDN01 
AVA |a UDN50  |b LSP  |d 895.922803 LE-K  |e unavailable  |t Error 5002 Not defined in file expand_doc_bib_avail.  |f 2  |g 2  |h N  |i 0  |k 1 
TYP |a Monograph 
TYP |a Printed language 
980 |a Mạng thư viện Đại học Đà Nẵng